NCAA Women's Basketball Champions Since 2000 - Statistics

General Stats
  • This quiz has been taken 59 times
  • The average score is 21 of 25
Answer Stats
Hint Answer % Correct
2025 UConn
100%
2016 UConn
100%
2015 UConn
100%
2014 UConn
100%
2013 UConn
100%
2010 UConn
100%
2009 UConn
100%
2004 UConn
100%
2003 UConn
100%
2002 UConn
100%
2000 UConn
100%
2024 South Carolina
98%
2022 South Carolina
98%
2017 South Carolina
98%
2023 LSU
87%
2008 Tennessee
77%
2019 Baylor
75%
2012 Baylor
75%
2005 Baylor
75%
2018 Notre Dame
73%
2001 Notre Dame
73%
2021 Stanford
65%
2011 Texas A&M
50%
2006 Maryland
37%
2007 Tennesee
10%
No matching quizzes found
Score Distribution
Percent of People with Each Score
Percentile by Number Answered
Your Score History
You have not taken this quiz